000 00486nam a2200169Ia 4500
008 230917s9999||||xx |||||||||||||| ||und||
020 _cUSD146
040 _e256025
_aMAIN
041 _aEnglish
082 _a570.15 F323S
100 _aFeidan, Lynda, ed.
245 0 _aSystems biology: Mathematical modeling and model analysis
260 _aNew York
_bCallisto Reference
_c2019
300 _avi, 205 p.
500 _a3483 04/07/2019 RBP19/76120 23/07/2019 Main Budget
942 _cBK
999 _c31445
_d31445